La interdisciplina y la transdisciplina como estrategias para la erradicación de conductas anómicas y la enseñanza del derecho en torno a la gestión del agua (Registro nro. 21707)

Detalles MARC
000 -LEADER
fixed length control field 00441 a2200109 4500
001 - CONTROL NUMBER
control field ART_41788
005 - DATE AND TIME OF LATEST TRANSACTION
control field 20260410161814.0
008 - FIXED-LENGTH DATA ELEMENTS--GENERAL INFORMATION
fixed length control field 260409a
100 1# - MAIN ENTRY--PERSONAL NAME
Personal name Capaldo, Griselda
245 10 - TITLE STATEMENT
Title La interdisciplina y la transdisciplina como estrategias para la erradicación de conductas anómicas y la enseñanza del derecho en torno a la gestión del agua
773 0# - HOST ITEM ENTRY
Title Academia
Related parts - Año 12, Nº 23 (ene./jun. 2014)
Record control number REV4314

No hay ítems disponibles.